Sociálne poradenstvo a komunikácia

Bibliographic Details
Main Author: Schavel, Milan, 1955- (Author)
Format: Book
Language:Slovak
PhysicalDescription:217 s. grafy, ilustr., tab. 21 cm
Published: Liptovský Ján PROHU 2012
ISBN:9788089535088
Edition:4. dopl. vyd.
Subjects:

MARC

LEADER 00000cam a2200000 a 4500
001 vtls010424249
003 SK-MaSNL
005 20260301214118.0
008 240313s2012 xo dla f 000 0 slo
015 |a SNBA2012/08-04564 
020 |a 9788089535088  |q (brož.) 
035 |a E522D8DD-42DC-41F7-B1CA-174BDCCE9AF0 
035 |a urn:nbn:sk:snk-amjkog 
035 |a urn:nbn:sk:snk-am002cxz 
040 |a SNK  |b slo  |c SNK  |e AACR2 
041 0 |a slo 
044 |a xo  |c SK 
072 7 |a 364-1/-7  |x Druhy sociálnej pomoci a služieb  |2 konspekt 
080 |a 364-785  |2 2001 
080 |a 364-78  |2 2001 
080 |a 316.77  |2 2001 
080 |a (048.8)  |2 2001 
100 1 |a Schavel, Milan,  |d 1955-  |4 aut  |9 12818 
245 1 0 |a Sociálne poradenstvo a komunikácia  |c [Milan Schavel, Michal Oláh] 
250 |a 4. dopl. vyd. 
260 |a Liptovský Ján  |b PROHU  |c 2012 
300 |a 217 s.  |b grafy, ilustr., tab.  |c 21 cm 
366 |e 350 výt. 
504 |a Bibliogr. s. 211-217. Terminol. slov. 
650 0 7 |a sociálne poradenstvo  |2 SNKPH  |9 3606 
650 0 7 |a komunikácia (dorozumievanie)  |2 SNKPH  |9 2688 
650 0 7 |a sociálna práca  |2 SNKPH  |9 1550 
650 0 7 |a Social counseling  |2 SNKPHeng  |9 268198 
650 0 7 |a Social work  |2 SNKPHeng  |9 268197 
650 0 7 |a Human communication  |2 SNKPHeng  |9 265706 
655 7 |a monografie  |2 SNKPH  |9 70139 
655 7 |a Monographs  |2 SNKPHeng  |9 120675 
700 1 |a Oláh, Michal,  |d 1977-  |4 oth  |9 196218 
919 |a 978-80-89535-08-8 
958 |a NB 
968 |d 36 
999 |c 923764  |d 925694 
952 |a SNK  |b SNK  |y PREZ  |7 0  |p 17A1030737  |o snkSC 150211  |i snk2012/13220  |8 0  |0 0  |1 0  |4 0  |d 2012-07-09  |l 0  |r 2025-07-18 00:00:00  |w 2026-02-24 
952 |a SNK  |b SNK  |y VYP  |7 0  |p 17A1030736  |o snkSC 150211 D1  |i snk2012/13221  |8 0  |0 0  |1 0  |4 0  |d 2012-07-09  |l 0  |r 2026-02-24 08:23:42  |w 2026-02-24